Discours sur la dette : (Record no. 124625)
[ view plain ]
| 000 -LEADER | |
|---|---|
| fixed length control field | 01197cam a2200373 a 4500 |
| 001 - CONTROL NUMBER | |
| control field | 10739506 |
| 003 - CONTROL NUMBER IDENTIFIER | |
| control field | ARRUPE |
| 005 - DATE AND TIME OF LATEST TRANSACTION | |
| control field | 20160415084917.0 |
| 008 - FIXED-LENGTH DATA ELEMENTS--GENERAL INFORMATION | |
| fixed length control field | 140318s2014 fr g b 000 0 fre d |
| 020 ## - INTERNATIONAL STANDARD BOOK NUMBER | |
| International Standard Book Number | 9782356391353 (pbk.) : |
| Terms of availability | 6,50 EUR |
| 035 ## - SYSTEM CONTROL NUMBER | |
| System control number | (OCoLC)874843083 |
| 035 ## - SYSTEM CONTROL NUMBER | |
| System control number | (OCoLC)ocn874843083 |
| 035 ## - SYSTEM CONTROL NUMBER | |
| System control number | (FrPAAL)AAL0623111-0001 |
| 035 ## - SYSTEM CONTROL NUMBER | |
| System control number | (NNC)10739506 |
| 040 ## - CATALOGING SOURCE | |
| Original cataloging agency | FrPAAL |
| Transcribing agency | Arrupe |
| 043 ## - GEOGRAPHIC AREA CODE | |
| Geographic area code | f------ |
| 050 04 - LIBRARY OF CONGRESS CALL NUMBER | |
| Classification number | HJ8826 |
| Item number | .S26 2014 |
| 300 ## - PHYSICAL DESCRIPTION | |
| Dimensions | 17 cm. |
| 100 1# - MAIN ENTRY--PERSONAL NAME | |
| Personal name | Sankara, Thomas. |
| 9 (RLIN) | 23850 |
| 245 10 - TITLE STATEMENT | |
| Title | Discours sur la dette : |
| Remainder of title | discours d'Addis-Abeba de Thomas Sankara présenté par Jean Ziegler / |
| Statement of responsibility, etc | Thomas Sankara & Jean Ziegler. |
| 260 ## - PUBLICATION, DISTRIBUTION, ETC. (IMPRINT) | |
| Place of publication, distribution, etc | Bordeaux: |
| Name of publisher, distributor, etc | Elytis, |
| Date of publication, distribution, etc | c2014. |
| 300 ## - PHYSICAL DESCRIPTION | |
| Extent | 61 p. ; |
| 490 1# - SERIES STATEMENT | |
| Series statement | Quoi de neuf? |
| 504 ## - BIBLIOGRAPHY, ETC. NOTE | |
| Bibliography, etc | Includes bibliographical references (p. 59-[60]). |
| 600 ## - SUBJECT ADDED ENTRY--PERSONAL NAME | |
| Personal name | Sankara, Thomas |
| 9 (RLIN) | 23850 |
| 650 #0 - SUBJECT ADDED ENTRY--TOPICAL TERM | |
| Topical term or geographic name as entry element | Debts, External |
| Geographic subdivision | Africa. |
| 9 (RLIN) | 23851 |
| 651 #0 - SUBJECT ADDED ENTRY--GEOGRAPHIC NAME | |
| Geographic name | Africa |
| General subdivision | Economic conditions |
| Chronological subdivision | 20th century. |
| 9 (RLIN) | 23852 |
| 700 1# - ADDED ENTRY--PERSONAL NAME | |
| Personal name | Ziegler, Jean, |
| Dates associated with a name | 1934- |
| 9 (RLIN) | 23853 |
| 830 #0 - SERIES ADDED ENTRY--UNIFORM TITLE | |
| Uniform title | Quoi de neuf? |
| 9 (RLIN) | 23854 |
| 910 ## - USER-OPTION DATA (OCLC) | |
| User-option data | 518974 14042014 |
| 942 ## - ADDED ENTRY ELEMENTS (KOHA) | |
| Source of classification or shelving scheme | Library of Congress Classification |
| Koha item type | Monograph ( Printed materials) |
| 948 1# - LOCAL PROCESSING INFORMATION (OCLC); SERIES PART DESIGNATOR (RLIN) | |
| Series part designator, SPT (RLIN) | 20140430 |
| b (OCLC) | c |
| c (OCLC) | dc21 |
| d (OCLC) | MPS |
| 990 ## - EQUIVALENCES OR CROSS-REFERENCES [LOCAL, CANADA] | |
| Link information for field corresponding to 9XX field | 6.50 EUR |
| Withdrawn status | Lost status | Source of classification or shelving scheme | Damaged status | Not for loan | Collection code | Home library | Current library | Shelving location | Date acquired | Total Checkouts | Full call number | Barcode | Date last seen | Date checked out | Price effective from | Koha item type |
|---|---|---|---|---|---|---|---|---|---|---|---|---|---|---|---|---|
| Library of Congress Classification | Main Collection | ARRUPE LIBRARY | ARRUPE LIBRARY | Main Collection | 15/04/2016 | 1 | HJ8826 .S28 2014 | 46500006844 | 30/04/2018 | 15/04/2016 | 15/04/2016 | Monograph ( Printed materials) |